Top 20 Europejskich reprezentacji w piłce nożnej - Statystyki

Ogólne statystyki
  • Ten quiz został rozwiązany 176 razy
    6 od ostatniego zresetowania
  • Średni wynik to 17 z 20
Statystyki odpowiedzi
Miejsce Reprezentacja % Poprawnych
#4 Anglia
100%
#24 Austria
100%
#10 Chorwacja
100%
#3 Francja
100%
#1 Hiszpania
100%
#9 Niemcy
100%
#31 Polska
100%
#6 Portugalia
100%
#28 Ukraina
100%
#8 Belgia
75%
#21 Dania
75%
#7 Holandia
75%
#29 Norwegia
75%
#36 Szkocja
75%
#17 Szwajcaria
75%
#25 Turcja
75%
#41 Węgry
75%
#12 Włochy
75%
#37 Serbia
50%
#32 Walia
50%
Nie znaleziono quizów pasujących do podanych kryteriów
Rozkład punktacji
Procent ludzi z każdym wynikiem
Percentyl według liczby udzielonych odpowiedzi
Twoja historia wyników
Nie rozwiązałeś tego quizu od ostatniego zresetowania